| 000 | 00729nam a22002177a 4500 | ||
|---|---|---|---|
| 005 | 20250403163618.0 | ||
| 008 | 250403b |||||||| |||| 00| 0 eng d | ||
| 020 | _a978-1-032-88070-96 (hbk) | ||
| 037 | _cTB | ||
| 040 |
_aAL _cAL |
||
| 084 |
_aNW R4 _qAL |
||
| 245 |
_aCinemas of the global South: _btowards a Southern aesthetics |
||
| 260 |
_aLondon, UK: _bRoutledge, _c2024. |
||
| 300 | _axi, 231p. | ||
| 365 |
_b1295.00 _cINR |
||
| 650 | _aCinema | ||
| 700 |
_aMenon, Dilip M. (Editor) _9751821 |
||
| 700 |
_aTaha, Amir (Editor) _9751822 |
||
| 942 |
_2CC _cTB _hNW R4 _n0 |
||
| 999 |
_c1308449 _d1308449 |
||